000 00425nam a2200157Ia 4500
008 160316s1997 xxu||||| |||| 00| 0 eng d
082 _a1.200000
_bBRO-1
100 _aBrownstein Samuel C
245 _aHow to prepare for the graduate record examination - General test
250 _a
260 _aNew Delhi
_bGalgotia Publications Pvt. Ltd.
_c1997
300 _a631p
_b
_c
365 _b160/-
650 _a
700 _a
_a
999 _c10406
_d10406